000 01717cam a2200361 i 4500
003 SA-RiAUC
005 20250218072222.0
008 250217s1987 su h g 00100 ara c
040 _aSA-RiAUC
_bara
_cSA-RiAUC
_erda
043 _aar-----
050 4 _b.I26 1987
082 0 4 _a553.8
090 _a553.8
_b ا ب ن ح
100 1 _aابن الحائك الهمداني، الحسن بن أحمد بن يعقوب،
_d280-334 هجري
_eمؤلف.
245 1 2 _aكتاب الجوهرتين العتيقتين المائعتين :
_bالصفراء والبيضاء /
_cتأليف الحسن بن أحمد الهمداني ؛ أعده للنشر بإيضاح بعض غوامضه وإعداد فهارسه وإضافة بحث عن التعدين والمعادن في جزيرة العرب حمد الجاسر.
246 3 0 _aالجوهرتين العتيقتين المائعتين
250 _aالطبعة الأولى.
264 1 _aالرياض :
_bحمد الجاسر،
_c1987
300 _a493 صفحة :
_bمثيليات ؛
_c24 سم
336 _aنص
_btxt
_2rdacontent
_3كتاب
337 _aبدون وسيط
_bn
_2rdamedia
338 _aمجلد
_bnc
_2rdacarrier
500 _aيشتمل على كشافات.
504 _aيشتمل على كشاف : صفحة 443-494.
650 7 _aالتعدين
_2aucsh
650 7 _aصناعة الذهب
_2aucsh
650 7 _aصناعة الفضة
_2aucsh
650 7 _aالمعادن
_zشبه الجزيرة العربية
_xتاريخ
_2aucsh
700 1 2 _aالجاسر، حمد،
_d1328-1421 هجري
740 2 2 _aالتعدين والمعادن في جزيرة العرب.
942 _2ddc
_cBOOK
_n0
949 _aSA-JeALM
_d250217
_uosman123
_n1
999 _c6059
_d6059